AUTOMOTIVE SUSPENSION STEERING AND BRAKES (Record no. 575714)
[ view plain ]
| 000 -LEADER | |
|---|---|
| fixed length control field | 00515nam a22001217a 4500 |
| 020 ## - INTERNATIONAL STANDARD BOOK NUMBER | |
| International Standard Book Number | 0-8273-2591-6 |
| 082 ## - DEWEY DECIMAL CLASSIFICATION NUMBER | |
| Classification number | 629.243 WEB'A |
| 100 ## - MAIN ENTRY--PERSONAL NAME | |
| Personal name | WEBSTER, JAY |
| 9 (RLIN) | 68056 |
| 245 ## - TITLE STATEMENT | |
| Title | AUTOMOTIVE SUSPENSION STEERING AND BRAKES |
| 260 ## - PUBLICATION, DISTRIBUTION, ETC. | |
| Place of publication, distribution, etc. | NEWYORK |
| Name of publisher, distributor, etc. | DELAR |
| Date of publication, distribution, etc. | 1987 |
| 650 ## - SUBJECT ADDED ENTRY--TOPICAL TERM | |
| Topical term or geographic name entry element | AUTOMOBILES SPRING AND SUSPENSIONS AUTOMOBILES SPRINGS AND SUSPENSION MAINTENANCE AND REPAIR AUTOMOTIVE STEERING GEARS AUTOMOBILES STEERING GEARS MAINTENANCE AND REPAIR AUTOMOBILE BRAKES AUTOMOBILES BRAKES MAINTENANCE REPAIR |
| 9 (RLIN) | 68057 |
| 942 ## - ADDED ENTRY ELEMENTS (KOHA) | |
| Koha item type | Book |
| Withdrawn status | Lost status | Damaged status | Not for loan | Permanent Location | Current Location | Shelving location | Date acquired | Total Checkouts | Full call number | Barcode | Date last seen | Price effective from | Koha item type |
|---|---|---|---|---|---|---|---|---|---|---|---|---|---|
| College of Electrical & Mechanical Engineering (CEME) | College of Electrical & Mechanical Engineering (CEME) | General Stacks | 08/02/2017 | 629.243 WEB'A | CEME-27999 | 06/28/2021 | 06/28/2021 | Book |
